[Event "IECC CL3-2001.25"]
[Site "IECC email"]
[Date "2001.07.23"]
[Round "?"]
[White "Andersson, Paul"]
[Black "Cholojczyk, Zbigniew"]
[Result "0-1"]
[WhiteElo "1777"]
[BlackElo "1948"]
[PlyCount "74"]
[EventDate "2001.??.??"]
[EventType "tourn (corr)"]
[EventRounds "4"]
[SourceTitle "Corr 2008"]
[Source "ChessBase"]
[SourceDate "2008.06.24"]
[SourceVersion "1"]
[SourceVersionDate "2008.06.24"]
[SourceQuality "1"]

1. d4 Nf6 2. c4 e6 3. Nf3 d5 4. Nc3 c6 5. Bg5 dxc4 6. e4 b5 7. e5 h6 8. Bh4 g5 9. Nxg5 hxg5 10. Bxg5 Be7 11. exf6 Bxf6 12. Bxf6 Qxf6 13. Be2 b4 14. Ne4 Qf4 15. Bf3 Rxh2 16. Rxh2 Qxh2 17. g3 Ba6 18. Nc5 Bb5 19. a4 bxa3 20. Rxa3 Qg1+ 21. Ke2 c3+ 22. Ke3 Qxd1 23. Bxd1 cxb2 24. Rb3 a5 25. Rxb2 Na6 26. Bf3 Nxc5 27. Rxb5 cxb5 28. Bxa8 Nd7 29. Bc6 b4 30. Kd3 Ke7 31. Kc4 Nb6+ 32. Kb5 Nd5 33. Ka4 Nc3+ 34. Kb3 Kd6 35. Bf3 Nb5 36. Kc4 a4 37. Kxb4 a3 0-1

[Event "IECC CL3-2001.25"]
[Site "IECC email"]
[Date "2001.07.23"]
[Round "?"]
[White "Cholojczyk, Zbigniew"]
[Black "Gosme, Emile"]
[Result "1-0"]
[WhiteElo "1900"]
[BlackElo "1908"]
[PlyCount "57"]
[EventDate "2001.??.??"]
[EventType "tourn (corr)"]
[EventRounds "4"]
[SourceTitle "Corr 2008"]
[Source "ChessBase"]
[SourceDate "2008.06.24"]
[SourceVersion "1"]
[SourceVersionDate "2008.06.24"]
[SourceQuality "1"]

1. e4 c5 2. Nf3 Nc6 3. Nc3 e5 4. Bc4 Be7 5. 0-0 d6 6. Nd5 Nf6 7. d3 0-0 8. c3 Be6 9. Re1 a6 10. a3 b5 11. Nxf6+ Bxf6 12. Bxe6 fxe6 13. b4 Qe7 14. Qb3 Kh8 15. Be3 Rac8 16. bxc5 dxc5 17. Red1 c4 18. Qb1 cxd3 19. Rxd3 Rfd8 20. a4 b4 21. Rxd8+ Rxd8 22. cxb4 Nxb4 23. Qb3 Rc8 24. h3 h6 25. a5 Nc2 26. Rc1 Qd7 27. Rxc2 Qd1+ 28. Ne1 Qxe1+ 29. Kh2 1-0